Région Aquitaine sur une carte - Statistiques

Statistiques générales
  • Ce quiz a été pris 74 fois
  • Le résultat moyen est 31 sur 59
Réponses sur la Carte
Les réponses sont colorées sur une échelle allant du rouge au vert en fonction du pourcentage des utilisateurs qui les ont devinées à leur premier essai. Vous pouvez retrouver ces pourcentages ci-dessous.
 
Statistiques - réponses
Group Réponse % Correct
Ville Bordeaux
96%
Département Landes
96%
Région Landes de Gascogne
96%
Département Gironde
92%
Département Dordogne
91%
Fleuve Dordogne
91%
Ville Bayonne
89%
Ville Biarritz
89%
Fleuve Garonne
89%
Ville Arcachon
87%
Ville Pau
87%
Fleuve Lot
85%
Département Lot-et-Garonne
85%
Département Pyrénées Atlantiques
83%
Ville Mont-de-Marsan
79%
Ville Périgueux
79%
Région Pays basque
77%
Ville Agen
75%
Ville Dax
72%
Région Médoc
72%
Région Béarn
68%
Ville Bergerac
66%
Ville Hendaye
64%
Région Périgord
64%
Fleuve Adour
60%
Ville Libourne
60%
Ville Marmande
58%
Ville Saint-Jean-de-Luz
58%
Ville Sarlat-la-Caneda
55%
Ville Blaye
53%
Ville Langon
53%
Ville Oloron-Sainte-Marie
51%
Ville Biscarosse
49%
Ville Lesparre-Médoc
49%
Ville Villeneuve-sur-Lot
49%
Fleuve Gave de Pau
42%
Ville Nontron
42%
Ville Saint-Jean-Pied-de-Port
40%
Ville Nérac
38%
Ville Orthez
38%
Ville Capbreton
36%
Région Entre-deux-Mers
32%
Fleuve Gave d'Oloron
32%
Ville Mimizan
32%
Fleuve Isle
30%
Ville Lacanau
30%
Ville Espelette
28%
Fleuve Baïse
19%
Fleuve Nive
19%
Fleuve Vézère
15%
Fleuve Dronne
11%
Fleuve Midouze
11%
Fleuve Leyre
9%
Fleuve Dropt
8%
Fleuve Auvézère
6%
Fleuve Ciron
6%
Fleuve Gave d'Aspe
6%
Fleuve Gave d'Ossau
6%
Région Pays de Serres
0%
Aucun quiz correspondant
Distribution des résultats
% des personnes avec chaque résultat
Percentile par nombre de réponses
Votre historique - résultats
Vous n’avez pas pris ce quiz